Countries that no longer exist #4 - Statistics

General Stats
  • This quiz has been taken 27 times
  • The average score is 4 of 8
Answer Stats
Picture Answer % Correct
Achaemenid Empire
65%
Ottoman Empire
65%
Persia
65%
Qing Dynasty
57%
Republic of China
57%
Brazilian Empire
52%
Golden Horde
22%
Barvaria
9%
No matching quizzes found
Score Distribution
Percent of People with Each Score
Percentile by Number Answered
Your Score History
You have not taken this quiz